|
|
|
|
| LEADER |
00000nab a2200000 ar4500 |
| 001 |
vtls010426124 |
| 003 |
SK-MaSNL |
| 005 |
20260304161759.0 |
| 008 |
250507c2012 xo qr|p|||n |000 b|slo |
| 015 |
|
|
|a SNBRB2012/05
|
| 035 |
|
|
|a (uuid)1e83338b-954b-47ee-933b-b965341b2bdd
|
| 035 |
|
|
|a urn:nbn:sk:snk-abf67b
|
| 035 |
|
|
|a (urnnbn)urn:nbn:sk:snk:ar-a09ppb
|
| 038 |
|
|
|a SPK
|
| 040 |
|
|
|a SNKBUCL
|b slo
|c SNKBUCL
|e AACR2
|
| 041 |
0 |
|
|a slo
|
| 044 |
|
|
|a xo
|c SK
|
| 072 |
|
7 |
|a 00
|x Veda. Všeobecnosti. Základy vedy a kultúry. Vedecká práca
|2 konspekt
|
| 072 |
|
7 |
|a 004.9
|x Špeciálne počítačové metódy. Počítačová grafika
|2 konspekt
|
| 080 |
|
|
|a 002.6:004.9
|2 2001
|
| 080 |
|
|
|a 004.9
|2 2001
|
| 100 |
1 |
|
|a Ráczová, Hana
|4 aut
|9 394971
|
| 245 |
1 |
0 |
|a Využitie modulu EPC KIS DAWINCI na publikačné, propagačné a iné PR aktivity CVTI SR
|c Hana Ráczová, Ľubica Segešová, Mária Žitňanská
|
| 504 |
|
|
|a Bibliogr. odkazy
|
| 610 |
2 |
7 |
|a Centrum vedecko-technických informácií Slovenskej republiky
|2 SNKKA
|9 177325
|
| 650 |
0 |
7 |
|a Dawinci (knižničný systém)
|2 snkbucl
|9 198698
|
| 700 |
1 |
|
|a Segešová, Ľubica
|4 aut
|9 7524
|
| 700 |
1 |
|
|a Žitňanská, Mária
|4 aut
|9 1486299
|
| 773 |
0 |
|
|t IT lib : informačné technológie a knižnice
|g Roč. [16], č. 1 (2012), s. 62-65
|x 1335-793X
|
| 850 |
|
|
|a Slovenská národná knižnica
|
| 852 |
|
|
|a Slovenská národná knižnica
|
| 856 |
4 |
1 |
|u www.ctvisr.sk/itlib
|
| 954 |
|
|
|a odborná, vedecká literatúra pôvodná (slovenská)
|2 lita
|
| 958 |
|
|
|a article27
|
| 958 |
|
|
|a OND
|
| 958 |
|
|
|a NB
|2 spk
|
| 958 |
|
|
|a EUIPO
|
| 999 |
|
|
|c 2972213
|d 2974143
|